Règim de l'Institut-Escola
Descripción Física:
33 p. ; 20 cm
Materias:
Institut-Escola (Barcelona, Catalunya)
MARC
| LEADER | 00000nam a2200000Ia 4500 | ||
|---|---|---|---|
| 001 | 9438 | ||
| 008 | 160829s1932 xx 000 0 cat d | ||
| 080 | |a RF-6-55 | ||
| 110 | 2 | |a Institut-Escola (Barcelona, Catalunya) |9 55348 | |
| 245 | |a Règim de l'Institut-Escola | ||
| 260 | |a Barcelona : |b (Tip. Occitania), |c 1932 | ||
| 300 | |a 33 p. ; |c 20 cm | ||
| 590 | |a A la part superior de la portada: Generalitat de Catalunya. | ||
| 610 | 2 | 0 | |9 55348 |a Institut-Escola (Barcelona, Catalunya) |
| 710 | 1 | |a Catalunya. |b Generalitat |9 12125 | |
| 856 | 4 | |u https://media.diba.cat/diba/fitxers/arxiu/fulletons/bib_9438_1932_baixa.pdf |y Accés lliure | |
| 856 | 4 | |u https://media.diba.cat/diba/fitxers/arxiu/fulletons/bib_9438_1932_baixa.pdf |y Accés lliure | |
| 900 | |a bib_9438_1932_baixa.pdf | ||
| 901 | |a Arxiu | ||
| 942 | |n 1 |2 udc | ||
| 952 | |0 0 |1 0 |4 0 |6 RF655 |7 1 |9 45001 |a Arxiu |b Arxiu |d 2016-12-01 |l 0 |o RF-6-55 |p 9438 |r 2016-12-01 00:00:00 |w 2016-12-01 |y ARXIU | ||
| 999 | |c 47605 |d 47605 | ||